Normal view
MARC view
Entry Personal Name
001 - CONTROL NUMBER
- control field: 245705
003 - CONTROL NUMBER IDENTIFIER
- control field: OSt
005 - DATE AND TIME OF LATEST TRANSACTION
- control field: 20251115112116.0
008 - FIXED-LENGTH DATA ELEMENTS
- fixed length control field: 251115|| aca||aabn | a|a d
040 ## - CATALOGING SOURCE
- Original cataloging agency: OSt
- Transcribing agency: OSt
100 ## - HEADING--PERSONAL NAME
- Personal name: Kligerman, Daniel
670 ## - SOURCE DATA FOUND
- Source citation: Work cat.: (OSt)187208: Tobkin, Chris. 245704, Check point next generation: with application intelligence security administration., 2005